| 000 | 00504nam a2200169Ia 4500 | ||
|---|---|---|---|
| 003 | OSt | ||
| 005 | 20201204122652.0 | ||
| 008 | 190216s9999||||xx |||||||||||||| ||und|| | ||
| 040 | _coclc | ||
| 082 |
_a894.8123 _bPIL/R |
||
| 100 |
_aPillai, Thakazhi Shivashankara _9418 |
||
| 245 | 0 |
_aRanditangazhi / _cThakazhi Shivashankara Pillai |
|
| 260 |
_bD C Books, _c1987. _aKottayam: |
||
| 300 | _a150p | ||
| 650 | _aMalayalam Novel | ||
| 942 |
_cBK _2ddc _h894.8123 _iPIL/R _k894.8123 _mPIL/R |
||
| 999 |
_c27721 _d27721 |
||